La Religión para los salvadoreños y los retos del nuevo arzobispo

Spremljeno u:
Bibliografski detalji
Format: Tekst
Teme:
Oznake: Dodaj oznaku
Bez oznaka, Budi prvi tko označuje ovaj zapis!

MARC

LEADER 00000 a a2200000 04500
001 5986
003
040
245 |a La Religión para los salvadoreños y los retos del nuevo arzobispo  
650 |a RELIGION  
650 |a ENCUESTAS  
650 |a CLERO  
650 |a OPINION PUBLICA  
650 |a SOCIEDAD CIVIL  
773 |g volumen 16, número 671; páginas 13-15  
999 |c 38906  |d 38906